|
|
|
|
| LEADER |
00000naa a2200000uu 4500 |
| 001 |
vtls010953163 |
| 003 |
SK-MaSNL |
| 005 |
20260302123830.0 |
| 008 |
220810|1999 xo |||||||||||||||||cze| |
| 015 |
|
|
|a SNBRA
|
| 035 |
|
|
|a (urnnbn)urn:nbn:sk:snk:ar-a0ble2
|
| 035 |
|
|
|a (uuid)1db2548f-2f22-4cbb-8713-02a65876cf60
|
| 035 |
|
|
|a urn:nbn:sk:snk-aaude7
|
| 040 |
|
|
|a SNKBUCL
|b slo
|c SNKBUCL
|e AACR2
|
| 041 |
0 |
|
|a cze
|
| 044 |
|
|
|a xo
|c SK
|
| 100 |
1 |
|
|a Kába, Bohumil
|4 aut
|9 621456
|
| 245 |
1 |
0 |
|a MOŽNOSTI VYUŽITÍ STATISTICKÉHO PROGRAMOVÉHO SYSTÉMU SAS V PROCESU ANALÝZY A PROGNÓZOVÁNÍ ČASOVÝCH ŘAD
|c Bohumil Kába, Libuše Svatošová
|
| 246 |
3 |
|
|a USE OF THE SAS/ETS SOFTWARE IN TIME SERIES ANALYSIS AND FORECASTING
|
| 700 |
1 |
|
|a Svatošová, Libuše
|4 aut
|9 8136
|
| 773 |
0 |
|
|t Medzinárodné vedecké dni '99
|d V Nitre : Slovenská poľnohospodárska univerzita, 1999, 1999
|g S. 60-64
|z 8071376590
|
| 954 |
|
|
|a odborná, vedecká literatúra cudzojazyčná (svetová)
|2 lita
|
| 958 |
|
|
|a OND
|
| 958 |
|
|
|a article11
|
| 958 |
|
|
|a chapter
|
| 999 |
|
|
|c 1284809
|d 1286739
|